| 000 | 01043nam a22002177a 4500 | ||
|---|---|---|---|
| 999 |
_c22030 _d22030 |
||
| 003 | AR-CdUCM | ||
| 008 | 190425b ||||| |||| 00| 0 spa d | ||
| 040 |
_aMUNICIPALIDAD PROVINCIAL DEL CUSCO _cBIBLIOTECA MUNICIPAL DEL CUSCO |
||
| 082 | _aRev.DIO/N°3/1936 | ||
| 245 | _aRevista diocesana / | ||
| 260 |
_aCusco : _bTalleres Cusco Imperial, _c1936. |
||
| 300 |
_a47 páginas. : _c20 cm. |
||
| 440 |
_aRevista Diocesana. _nAño I, N°3. 1936 _947203 |
||
| 505 | _aContenido: Encíclica sobre el sacerdocio católico a los patriarcas primados, arzobispados, obispos y otros ordinarios en paz y comunión con la sede Apostólica. -- Importante documentos para la historia eclesiástica del Cusco. las bulas por las que se instituye obispo del Cusco a Don Fray Vicente de Valverde de la orden predicadores. -- El santo crucifijo en su sitio de honor... | ||
| 650 |
_aDiócesis del Cusco _946738 |
||
| 650 |
_aCatolicismo _92175 |
||
| 650 |
_aCatecismo _924778 |
||
| 700 |
_aRecharte, José Ángel _946739 |
||
| 942 |
_2ddc _cPP |
||
| 945 | _arac | ||